| 000 | 00688nam a2200217 4500 | ||
|---|---|---|---|
| 001 | 122321 | ||
| 003 | ES-MaACL | ||
| 005 | 20251018063104.0 | ||
| 007 | t| | ||
| 008 | 070214s1938 sp r ||||1| cat d | ||
| 100 | 1 |
_aPous i Pagès, Josep, _d1873-1952 _993468 |
|
| 245 | 1 | 3 |
_aLa vida i la mort d'en Jordi Fraginals / _cper José Pous y Pagés. |
| 250 | _a3ª. ed. | ||
| 260 |
_aBarcelona : _bInstitució de Les Lletres Catalanes, _c1938. |
||
| 300 |
_a308 p. ; _c19 cm. |
||
| 490 | 1 | _aAutors catalans | |
| 710 | 2 |
_aInstitució de Les Lletres Catalanes. _94706 |
|
| 830 | 0 |
_aAutors catalans _9218838 |
|
| 852 |
_aES-MaACL _jC-19863 _bR.47308 |
||
| 999 |
_c122321 _d122321 |
||